Report to the Government of the Federation of Nigeria on the vocational rehabilitation and employment of the disabled. (Record no. 37125)

MARC details
000 -LEADER
fixed length control field 00871cam a22002651 4500
001 - CONTROL NUMBER
control field l 63000218
003 - CONTROL NUMBER IDENTIFIER
control field DLC
005 - DATE AND TIME OF LATEST TRANSACTION
control field 20260227111547.0
008 - FIXED-LENGTH DATA ELEMENTS--GENERAL INFORMATION
fixed length control field 790608s1960 sz a 000 0 eng
010 ## - LIBRARY OF CONGRESS CONTROL NUMBER
LC control number l 63000218
040 ## - CATALOGING SOURCE
Original cataloging agency DLC
Transcribing agency DLC
Modifying agency DLC
043 ## - GEOGRAPHIC AREA CODE
Geographic area code f-nr---
050 00 - LIBRARY OF CONGRESS CALL NUMBER
Classification number HD7256.N53
Item number I57 1960
082 00 - DEWEY DECIMAL CLASSIFICATION NUMBER
Classification number 362.8/5
110 2# - MAIN ENTRY--CORPORATE NAME
Corporate name or jurisdiction name as entry element International Labour Office.
245 00 - TITLE STATEMENT
Title Report to the Government of the Federation of Nigeria on the vocational rehabilitation and employment of the disabled.
260 ## - PUBLICATION, DISTRIBUTION, ETC.
Place of publication, distribution, etc. Geneva,
Date of publication, distribution, etc. 1960.
300 ## - PHYSICAL DESCRIPTION
Extent ii, 59 p.
Other physical details tables.
Dimensions 30 cm.
500 ## - GENERAL NOTE
General note "ILO/OTA/Nigeria/R.1."
500 ## - GENERAL NOTE
General note At head of title: Regular programme of technical assistance.
500 ## - GENERAL NOTE
General note Errata sheet inserted.
650 #0 - SUBJECT ADDED ENTRY--TOPICAL TERM
Topical term or geographic name entry element People with disabilities
General subdivision Employment
Geographic subdivision Nigeria.
650 #0 - SUBJECT ADDED ENTRY--TOPICAL TERM
Topical term or geographic name entry element Vocational rehabilitation
Geographic subdivision Nigeria.
710 1# - ADDED ENTRY--CORPORATE NAME
Corporate name or jurisdiction name as entry element Nigeria.

No items available.

Powered by Koha